Tribhuvan University Central Library

Narrativization of psychological trauma in Don DeLillo’s falling man (Record no. 100302)

MARC details
000 -LEADER
fixed length control field 00437nam a22001457a 4500
008 - FIXED-LENGTH DATA ELEMENTS--GENERAL INFORMATION
fixed length control field 210801b |||||||| |||| 00| 0 eng d
082 ## - DEWEY DECIMAL CLASSIFICATION NUMBER
Classification number CD17211
100 ## - MAIN ENTRY--PERSONAL NAME
Personal name Thapa, Bishnu
245 ## - TITLE STATEMENT
Title Narrativization of psychological trauma in Don DeLillo’s falling man
260 ## - PUBLICATION, DISTRIBUTION, ETC. (IMPRINT)
Place of publication, distribution, etc Kathmandu:
Date of publication, distribution, etc 2016
502 ## - DISSERTATION NOTE
Dissertation note Dissertation ( Degree in English), TU
Year degree granted 2016
650 ## - SUBJECT ADDED ENTRY--TOPICAL TERM
Topical term or geographic name as entry element American literature
650 ## - SUBJECT ADDED ENTRY--TOPICAL TERM
Topical term or geographic name as entry element American fiction
942 ## - ADDED ENTRY ELEMENTS (KOHA)
Source of classification or shelving scheme Dewey Decimal Classification
Koha item type Audio Visual Materials
Holdings
Withdrawn status Lost status Source of classification or shelving scheme Damaged status Not for loan Home library Current library Date acquired Total Checkouts Full call number Barcode Date last seen Price effective from Koha item type
    Dewey Decimal Classification     Tribhuvan University Central Library Tribhuvan University Central Library 08/01/2021   CD17211 A17161 08/01/2021 08/01/2021 Audio Visual Materials